000 01027cad a22002655a 4500
001 E148907
008 091126s2009 xxk l f000 0 eng u
035 _a(Sirsi) u148907
041 0 _aeng
050 0 4 _a627.4 $2 18
110 2 _aUnited Kingdom
_kLaws, etc.
_95044
245 0 4 _aThe Flood Risk Regulations 2009
_h[electronic resource]
260 _aLondon
_bOPSI
_c2009
490 0 _aSI
_v2009: 3042
520 _aThese Regulations transpose Directive 2007/60/EC of the European Parliament on the assessment and management of flood risks for England and Wales.
520 _aComes into force 10 December 2009.
521 _aAdvanced
590 _aKA
650 2 4 _aDIRECTIVE 2007/60/EC
650 2 4 _aFLOOD RISK REGULATIONS 2009
651 4 _aEngland and Wales
_y1543-
690 _aENVIRONMENTAL AND LAND CONSULTANCY-WATER RESOURCE MANAGEMENT-FLOODING
856 4 0 _uhttps://www.opsi.gov.uk/si/si2009/uksi_20093042_en_6#Legislation-ExNote
_zView the Regulations free of charge at www.opsi.gov.uk...
942 _n0
999 _c110276
_d110276